Normal view MARC view
  • Khattar, Dinesh

Entry Personal Name

Number of records used in: 1

001 - CONTROL NUMBER

  • control field: 102356

003 - CONTROL NUMBER IDENTIFIER

  • control field: NUST

005 - DATE AND TIME OF LATEST TRANSACTION

  • control field: 20221103181435.0

008 - FIXED-LENGTH DATA ELEMENTS

  • fixed length control field: 221103|| aca||aabn | a|a d

040 ## - CATALOGING SOURCE

  • Original cataloging agency: NUST
  • Transcribing agency: NUST

100 ## - HEADING--PERSONAL NAME

  • Personal name: Khattar, Dinesh

670 ## - SOURCE DATA FOUND

  • Source citation: Work cat.: (NUST)188491: Khattar, Dinesh, The pearson guide to objective mathematics :, 2007
© 2023 Central Library, National University of Sciences and Technology. All Rights Reserved.